header

A Frist course: (Record no. 253065)

MARC details
000 -LEADER
fixed length control field 00530nam a22001937a 4500
003 - CONTROL NUMBER IDENTIFIER
control field OSt
005 - DATE AND TIME OF LATEST TRANSACTION
control field 20230626113532.0
008 - FIXED-LENGTH DATA ELEMENTS--GENERAL INFORMATION
fixed length control field 160330b xxu||||| |||| 00| 0 eng d
010 ## - LIBRARY OF CONGRESS CONTROL NUMBER
LC control number 859254
020 ## - INTERNATIONAL STANDARD BOOK NUMBER
International Standard Book Number 0138459754
040 ## - CATALOGING SOURCE
Transcribing agency N/A
050 ## - LIBRARY OF CONGRESS CALL NUMBER
Classification number QA 276.12
Item number .F74 1986
100 ## - MAIN ENTRY--PERSONAL NAME
Personal name Freund,John E.& Richard Manning Smith.
245 ## - TITLE STATEMENT
Title A Frist course:
Remainder of title Statistics.
250 ## - EDITION STATEMENT
Edition statement 4th ed
260 ## - PUBLICATION, DISTRIBUTION, ETC. (IMPRINT)
Place of publication, distribution, etc Englewood Cliffs, New Jersey
Name of publisher, distributor, etc prentice- hall, inc
Date of publication, distribution, etc 1986
300 ## - PHYSICAL DESCRIPTION
Extent xiv,557pg
Other physical details ill,[some col]
Dimensions 24cm
942 ## - ADDED ENTRY ELEMENTS (KOHA)
Source of classification or shelving scheme Library of Congress Classification
Koha item type Long Loan Books
Holdings
Withdrawn status Lost status Source of classification or shelving scheme Damaged status Not for loan Collection code Home library Current library Shelving location Date acquired Total Checkouts Full call number Barcode Date last seen Date checked out Price effective from Koha item type
    Library of Congress Classification     Non-fiction Rongo University Library Rongo University Library General Stacks 30/03/2016 6 QA 276.12 .F74 1986 201611031 04/12/2023 15/11/2023 30/03/2016 Long Loan Books

© 2026 Rongo University
Contact us: librarian | system librarian | Rongo university